Desarrollo de un caso de simulacin̤ de juicio oral Sistema Acusatorio Adversarial / Tomo IV

Detalles Bibliográficos
Autor principal: Campoli, Gabriel Andrš
Formato: eBook
Lenguaje:español
Publicado: Mx̌ico D.F: [s.l.] : 2013
Materias:
Acceso en línea:Acceso restringido

MARC

LEADER 00000nam a22000007a 4500
005 20130712120110.0
007 cr|||| ||||
008 130712s2013 mx |||||s|||| 00||0 spa d
035 |a 11324 
040 |a vLex 
090 |c 4440  |d 4440 
100 1 |a Campoli, Gabriel Andrš  
245 1 0 |a Desarrollo de un caso de simulacin̤ de juicio oral  |h [Recurso electrn̤ico] :  |b Sistema Acusatorio Adversarial /  |n Tomo IV  |c Gabriel Andrš Campoli  
256 |a Servicio en ln̕ea 
260 |a Mx̌ico D.F:  |b [s.l.] :  |c 2013 
300 |a 1 recurso electrn̤ico 
506 1 |a Contenido solo disponible en los productos indicados  |d vLex Global  |d vLex Global (Academic Edition, excluding Law Schools)  |d vLex Global (U.S. Academic Edition, Law Schools)  |d vLex Global (U.S. Academic Edition, excluding Law Schools)  |d vLex Global (Academic Edition, Law Schools) 
650 0 4 |a Juicios orales   |z Mx̌ico 
740 0 |a vLex Libros (Servicio en ln̕ea) 
856 4 0 |u http://vlex.com/source/desarrollo-caso-simulacion-juicio-oral-11324  |z Acceso restringido 
942 |c BOOK 
999 0 |a Oral pleading